| 000 | 00328nam a2200133Ia 4500 | ||
|---|---|---|---|
| 008 | 230312s9999||||xx |||||||||||||| ||und|| | ||
| 082 |
_a612 _bWAL-C |
||
| 100 | _aWalker,Roger | ||
| 245 | 0 | _aClinical Pharmacy and Therapeutics | |
| 300 | _a900 | ||
| 546 | _aEng. | ||
| 650 |
_aPhysioTherapy _vLife stage,Therapeutics |
||
| 942 | _cBK | ||
| 999 |
_c3679 _d3679 |
||